02905cam a22004818i 450000100090000000300040000900500170001300800410003001000170007102000310008802000270011904000290014604200080017504300210018305000270020408200200023110000390025124501210029025000300041126300090044126400570045030000130050733600260052033700280054633800270057450002470060150002080084850400510105650504320110752001460153961000670168565000680175265100600182065100480188065100600192865100600198865100550204870000750210390600450217894200460222395201370226999900170240622365127OSt20231204105648.0211223s2022 nyu b 001 0 eng  a 2021050880 a9781438489117q(hardcover) z9781438489131q(ebook) aLBSOR/DLCbengerdacDLC apcc aa-ii---ae-po---00aBX1644.2.G63bX38 202200a282.5478bXAV/R1 aXavier, Ângela Barreto,eauthor.10aReligion and empire in Portuguese India :bconversion, resistance, and the making of Goa /cÂngela Barreto Xavier. aFirst SUNY Press edition. a2203 1aAlbany :bState University of New York Press,c2022. apages cm atextbtxt2rdacontent aunmediatedbn2rdamedia avolumebnc2rdacarrier a"Religion and Empire in Portuguese India: Conversion, Resistance, and the Making of Goa by Ângela Barreto Xavier was first published by Permanent Black D-28 Oxford Apts, 11 IP Extension, Delhi 110092 India, for the territory of South Asia." a"This book is a shortened version of A invenção de Goa : poder imperial e conversões culturais nos séculos XVI e XVII, published in Lisbon in 2008 by Imprensa de Ciências Sociais."--Page [vii]. aIncludes bibliographical references and index.0 aReform in the kingdom, reform in the empire -- Designing conversion -- New temples and new priests : the establishment of religious orders in Goan villages -- Tools of Christianisation : shaping memory, understanding, and will -- Initial moves : discontent, resistance, acquiescence -- The martyrs of Cuncolim and other episodes of resistance -- The defence of the "genuine nobility" : conflicts of memory, identity, and power. a"Examines the colonisation of Goa in the sixteenth and seventeenth centuries and the durability of Portuguese rule"--cProvided by publisher.20aCatholic ChurchxMissionszIndiazGoa, Daman and DiuxHistory. 0aAnti-imperialist movementszIndiazGoa, Daman and DiuxHistory. 0aGoa, Daman and Diu (India)xReligious life and customs. 0aGoa, Daman and Diu (India)xChurch history. 0aGoa, Daman and Diu (India)xCivilizationy16th century. 0aGoa, Daman and Diu (India)xCivilizationy17th century. 0aPortugalxColonieszAsiaxAdministrationxHistory.1 iAdaptation of (work):aXavier, Ângela Barreto.tInvenção de Goa. a7bcbccorignewd1eecipf20gy-gencatlg 2ddccBKh282.5478iXAV/Rk282.5478mXAV/R 00102ddc40708RELIGIONaMESbMEScHISd2023-12-04l0o282.5478 XAV/Rp44069r2023-12-04 10:57:31v1095.00w2023-12-04yBKzGL42R1 c43886d43886